000
00283nam a2200109Ia 4500
001
1268737
005
20260417145256.0
008
260417s9999 xx 000 0 und d
020
_a
9786255888532
245
0
_a
Sekizinci Günün Güneşi
_c
İbrahim Nasrallah
260
_b
Ketebe Genç
999
_c
1268737
_d
1268737